000 00404nam a22001697a 4500
999 _c1316
_d1316
005 20211106124644.0
008 160521b xxu||||| |||| 00| 0 eng d
020 _a978-0-07-060448-3
041 _aeng
082 _b3807
100 _aChase Richard B & Others
_9965
245 _aOperations Management
260 _aNew Delhi
_bTMH,
_c1973
300 _a830
650 _aManagement
_9241
942 _cBK